00576nam a2200157Ia 4500008004100000020001500041041000800056082001600064100003000080245008900110260003600199300001200235650002200247999001900269952013000288210716s2009 xx 000 0 und d a8170087503 aeng a004.65 ANAV aAnand, V; Chakrabarty, K. aCisco ip routing protocols: troubleshooting techniques.bTroubleshooting techniques. aBangalorebFirewall mediac2009 axii,409 aComputer Networks c194293d194293 001040708MCAaAIMITbAIMITeKnowledge Worldg295.00l0o004.65 ANAVpMCA13801r2025-07-21 00:00:00v221.25w2021-07-16yBK